000 00215nam a2200097Ia 4500
008 240331s9999 xx 000 0 und d
082 _bSHA
100 _aShanmugasundaram, S
245 0 _aNattupura padalkal
942 _cL
999 _c3730
_d3730